00581cam a22001812 4500001001100000005001700011008004100028020001500069040001500084100003200099245011200131250001300243260003600256300001700292650005400309700003300363852000300396000001315320151217154417.0090611s xx 000 0 eng d a0070375895 aKABUcKABU1 aLerner, Joel J.@000015712510aSchaum's outlines of theory and problems of principles of accounting II /cJoel J. Lerner, James A. Cashin. a4th ed. aNew York :bMcGraw-Hill,c1994. avii, 306 p. 0aAccountingxProblems, exercises, etc.@00001562431 aCashin, James A.@00001410791